00802nam a2200253Ia 4500003000400000005001700004008004100021020001800062040000700080041000800087082001700095100002700112245004100139260003900180300001700219365001400236650002200250650003000272700002600302906004300328942001200371999001900383952014600402OSt20250709125644.0210423s2011 xx 000 0 und d a9781405179522 cAL aeng a070.4 bCHAJ aJane L Chapman 986642 aJournalism todayb: a themed history aChichesterbWiley- Blackwellc2011 axiii,338bPB b2126cINR aJournalism986643 aJournalism & Media986644 aNuttall, Nick9217919 ahistory. ; Journalism ; themed ; today 2ddccBK c159546d159546 001040708MAJMCaSACPGbSACPGd2011-07-22eAthulya Booksg2126.00l1o070.4 CHAJpPG006024r2022-08-24 00:00:00s2022-04-19w2021-04-26yBK